| 000 | 00962 a2200241 4500 | ||
|---|---|---|---|
| 005 | 20081010141317.0 | ||
| 008 | 081010t xxu||||| |||| 00| 0 ur d | ||
| 010 | _aUR-7403 | ||
| 020 |
_c220.00 _a818042023x |
||
| 035 | _aU-5958 | ||
| 037 | _bD.B.Act / Pub | ||
| 082 | _a840.8 | ||
| 100 | _aشبا ب للت | ||
| 245 |
_aآءينوں کے رو برو _b(تنقيدی مضامين) _cشبا ب للت |
||
| 246 |
_aAeenon ke Roo -Broo _bby Shabab Lalit |
||
| 260 |
_aنئ دھلی _bموڈرن پبليشنگ ہا ؤس _c2007 |
||
| 270 |
_a9،گو لا مارکيٹ،دريا گنج _bنئ دھلی _e110002 _k01123278869 |
||
| 300 |
_a144p _c22cm (Pbk) |
||
| 650 | _aCriticism | ||
| 650 | _aتنقيدی مضا مين | ||
| 942 |
_adpl _cUR _2ddc _h840.8 _mش ب ا |
||
| 999 |
_c5778 _d5778 |
||